<?xml version="1.0" encoding="UTF-8"?>
<collection xmlns="http://www.loc.gov/MARC21/slim">
 <record>
  <leader>02379nam a2200277 a 4500</leader>
  <controlfield tag="001">1/49051</controlfield>
  <controlfield tag="008">190913s2004    gr        b   00010 gre  </controlfield>
  <datafield tag="020" ind1=" " ind2=" ">
   <subfield code="a">9603155187</subfield>
  </datafield>
  <datafield tag="035" ind1=" " ind2=" ">
   <subfield code="l">52050</subfield>
  </datafield>
  <datafield tag="040" ind1=" " ind2=" ">
   <subfield code="a">GR-PeUP</subfield>
  </datafield>
  <datafield tag="082" ind1="0" ind2="0">
   <subfield code="a">265 ΙΕΡ</subfield>
  </datafield>
  <datafield tag="110" ind1="2" ind2=" ">
   <subfield code="a">Ιερά Σύνοδος της Εκκλησίας της Ελλάδος. Ειδική Συνοδική Επιτροπή Λειτουργικής Αναγεννήσεως.</subfield>
  </datafield>
  <datafield tag="245" ind1="1" ind2="3">
   <subfield code="a">Το μυστήριο της Θείας Ευχαριστίας :</subfield>
   <subfield code="b">Πρακτικά Γʹ Πανελληνίου Λειτουργικού Συμποσίου Στελεχών Ιερών Μητροπόλεων, 14-17 Οκτωβρίου 2001, Ιερά Μητρόπολις Νεαπόλεως και Σταυρουπόλεως (Θεσσαλονίκη) /</subfield>
  </datafield>
  <datafield tag="260" ind1="0" ind2=" ">
   <subfield code="a">Αθήνα :</subfield>
   <subfield code="b">Αποστολική Διακονία της Εκκλησίας της Ελλάδος,</subfield>
   <subfield code="c">2004.</subfield>
  </datafield>
  <datafield tag="300" ind1=" " ind2=" ">
   <subfield code="a">404 σ. ;</subfield>
   <subfield code="c">21 εκ.</subfield>
  </datafield>
  <datafield tag="490" ind1="1" ind2=" ">
   <subfield code="a">Σειρά ποιμαντική βιβλιοθήκη ;</subfield>
  </datafield>
  <datafield tag="500" ind1=" " ind2=" ">
   <subfield code="a">Το Συνέδριο έγινε υπό την αιγίδα του Μακαριωτάτου Αρχιεπισκόπου Αθηνών και πάσης Ελλάδος κ.κ. Χριστοδούλου. Χορηγός εκδόσεως :Κλάδος Εκδόσεων της Επικοινωνιακής και Μορφωτικής Υπηρεσίας της Εκκλησίας της Ελλάδος.</subfield>
  </datafield>
  <datafield tag="504" ind1=" " ind2=" ">
   <subfield code="a">Περιέχει βιβλιογραφίκές παραπομπές.</subfield>
  </datafield>
  <datafield tag="650" ind1=" " ind2="4">
   <subfield code="a">Ποιμαντική θεολογία</subfield>
   <subfield code="x">Ορθόδοξη Ανατολική Εκκλησία.</subfield>
  </datafield>
  <datafield tag="650" ind1=" " ind2="4">
   <subfield code="a">Ευχαριστία</subfield>
   <subfield code="x">Συνέδρια.</subfield>
  </datafield>
  <datafield tag="650" ind1=" " ind2="4">
   <subfield code="a">Θεία Ευχαριστία.</subfield>
  </datafield>
  <datafield tag="650" ind1=" " ind2="4">
   <subfield code="a">Μυστήρια (Θεολογία).</subfield>
  </datafield>
  <datafield tag="650" ind1=" " ind2="4">
   <subfield code="a">Θεία λειτουργία</subfield>
   <subfield code="x">Ορθόδοξη Ανατολική Εκκλησία, Ελληνική.</subfield>
  </datafield>
  <datafield tag="710" ind1="2" ind2=" ">
   <subfield code="a">Ιερά Σύνοδος της Εκκλησίας της Ελλάδος. Ειδική Συνοδική Επιτροπή Λειτουργικής Αναγεννήσεως.</subfield>
  </datafield>
  <datafield tag="830" ind1=" " ind2=" ">
   <subfield code="a">Σειρά ποιμαντική βιβλιοθήκη ;</subfield>
   <subfield code="v">8</subfield>
  </datafield>
  <datafield tag="852" ind1=" " ind2=" ">
   <subfield code="a">INST</subfield>
   <subfield code="b">UNIPILB</subfield>
   <subfield code="c">MAIN</subfield>
   <subfield code="e">20190913</subfield>
   <subfield code="h">265 ΙΕΡ</subfield>
   <subfield code="p">00181822</subfield>
   <subfield code="q">00181822</subfield>
   <subfield code="t">LOAN</subfield>
   <subfield code="y">0</subfield>
   <subfield code="4">1</subfield>
  </datafield>
 </record>
</collection>
